| Tag |
First Indicator |
Second Indicator |
Subfields |
| LEADER |
00000cam a2200000 4500 |
| 001 |
in00000287521 |
| 005 |
20151010073405.0 |
| 008 |
691021r19691962nyua b 00000 eng |
| 010 |
|
|
|a 71091547
|
| 035 |
|
|
|a (OCoLC)00026316
|
| 035 |
|
|
|9 ABF0800AM
|
| 037 |
|
|
|c 2.45
|
| 040 |
|
|
|a DLC
|c DLC
|d TXA
|d UtOrBLW
|
| 049 |
|
|
|a TXAM
|c [850148]
|
| 050 |
0 |
0 |
|a BL441
|b .L3 1969
|
| 082 |
0 |
|
|a 289.9
|
| 100 |
1 |
|
|a La Barre, Weston,
|d 1911-1996.
|
| 245 |
1 |
0 |
|a They shall take up serpents ;
|b psychology of the southern snake-handling cult.
|
| 264 |
|
1 |
|a New York :
|b Schocken Books,
|c [1969]
|
| 300 |
|
|
|a ix, 208 pages :
|b illustrations ;
|c 21 cm.
|
| 336 |
|
|
|a text
|b txt
|2 rdacontent
|
| 337 |
|
|
|a unmediated
|b n
|2 rdamedia
|
| 338 |
|
|
|a volume
|b nc
|2 rdacarrier
|
| 500 |
|
|
|a Reprint of the 1962 edition, with a new introduction by the author.
|
| 504 |
|
|
|a Bibliographical references included in "Notes" (pages 183-198).
|
| 650 |
|
0 |
|a Snake cults (Holiness churches)
|z Southern States.
|
| 650 |
|
0 |
|a Serpent worship
|z Southern States.
|
| 650 |
|
0 |
|a Psychology, Religious.
|
| 999 |
|
|
|a MARS
|
| 999 |
f |
f |
|s 7bab2a7e-53ad-3a0b-97d1-1f021d65ae7f
|i 054576cd-fea3-37d8-bfb4-c57487b0b6e9
|t 0
|
| 952 |
f |
f |
|p normal
|a Texas A&M University
|b College Station
|c Sterling C. Evans Library
|d Evans: Library Stacks
|t 0
|e BL441 .L3 1969
|h Library of Congress classification
|i unmediated -- volume
|m A14801736198
|
| 998 |
f |
f |
|a BL441 .L3 1969
|t 0
|l Evans: Library Stacks
|